000 00840nam a2200265 i 4500
003 DO-SdBNP
005 20250529091237.0
007 ta
008 250529b2024 dr ab||| |||| 00| 0 spa d
020 _a9798350737387
040 _aDO-SdBNP
_bspa
_cBNPHU
_erda
041 _aspa
082 4 _axxx
_bxxx
_222
100 _aTejeda Salcedo, Omar Ernesto,
_eautor
_4aut.
_987374
245 1 3 _a55 la prolongación de la humanidad /
_cOmar Ernesto Tejeda Salcedo
250 _aCinquenticinco la prolongación de la humanidad
264 4 _aSanto Domingo :
_bEditora Búho,
_c©2024.
300 _a147 páginas :
_bilustraciones, mapas ;
_c21 cm.
336 _atexto
_btxt
_2rdacontent
337 _asin mediación
_bn
_2rdamedia
338 _avolumen
_bnc
_2rdacarrier
590 _aInvnetariado, 2025/BT
910 _aBtavárez
942 _2ddc
_cLBS1
999 _c58646
_d58646